01734nam a22002657a 45000010005000000030006000050050017000110080041000280200018000690400029000870500013001160820011001291000035001402450065001752500009002402600035002493000039002845050007003235201018003305210019013485210018013676500017013856500034014027000032014364717FISKH20240925102756.0240925b cb ||||| |||| 00| 0 eng d a9780590425377 aFISKHbengcFISKHdFISKH aPZ7.M248 2372.64 aMcswigan, Maried(1902–1962) aSnow treasure /cMarie Mcswigan illustrated by Andre lablanc a1958 aNew York :bScholastic,c1958. a156 pages :billustrations ;c20cm aR  aJuvenile Fiction. Juvenile Literature. For 12-year-old Peter Lundstrom, the Norwegian winter of 1940 begins like any other. When he isn't in school, he spends the cold days outside, going sledding in the deep snow of his mountain village. But all around him, the adults are talking about the war that is raging through much of Europe. One day Uncle Victor warns that German soldiers will invade soon. He believes they will try to steal the bank's gold bullion. But he has a daring plan to protect the treasure. The only trouble is-it relies on Peter and his friends. Will the village children be able to fool the suspicious Nazis? Marie McSwigan's exciting Snow Treasure is based on the tale a Norwegian ship captain told as he unloaded a cargo of gold in Baltimore. Though the children and the village were never identified, the story is thought to be true by many. Narrator John McDonough's stirring performance captures the tension and adventure as Peter and his friends risk their lives to help their country.8 a690L bLexile 8 aR bRaz-Plus  2NorwayaWWII 2Historical fictionaAdventure aLablanc, AndredIllustrator